Personnage mystère #40 - Statistiques

Statistiques générales
  • Ce quiz a été pris 195 fois
  • Le résultat moyen est 5 sur 7
Statistiques - réponses
Lettres Indices % Correct
TIPET Petit
99%
JUXE Jeux
96%
JANEU Jaune
86%
DIVOÉ Vidéo
70%
GNEROUR Rongeur
43%
TÉQUICLERE Électrique
37%
Nom du personnage Pikachu
34%
Aucun quiz correspondant
Distribution des résultats
% des personnes avec chaque résultat
Percentile par nombre de réponses
Votre historique - résultats
Vous n’avez pas pris ce quiz